书目信息 |
| 题名: |
追赶型经济增长理论
|
|
| 作者: | 钟阳胜 著 | |
| 分册: | ||
| 出版信息: | 北京 中共中央党校出版社 2005 |
|
| 页数: | 366页 | |
| 开本: | 24cm | |
| 丛书名: | ||
| 单 册: | ||
| 中图分类: | F061.2 | |
| 科图分类: | ||
| 主题词: | 增长经济学 | |
| 电子资源: | ||
| ISBN: | 7-5035-3351-X | |
| 000 | 01233nam0 2200277 450 | |
| 001 | 003216698 | |
| 005 | 20070807111253.25 | |
| 010 | @a7-5035-3351-X@dCNY38.00 | |
| 035 | @a003216698 | |
| 100 | @a20060811d2005 em y0chiy0110 ea | |
| 101 | 0 | @achi |
| 102 | @aCN@b110000 | |
| 105 | @ay z 000yy | |
| 106 | @ar | |
| 200 | 1 | @a追赶型经济增长理论@Azhui gan xing jing ji zeng zhang li lun@e一种组织经济增长的新思路@Eyi zhong zu zhi jing ji zeng chang de xin si lu@dCatching-up economic growth theory@ea new thought on organizing economic growth@f钟阳胜著@Fzhong yang sheng zhu@zeng |
| 205 | @a6版 | |
| 210 | @a北京@c中共中央党校出版社@d2005 | |
| 215 | @a366页@d24cm | |
| 330 | @a本书提出和论述主体需要是经济增长必须遵循的最高原则,从主体需要的内在矛盾逐步展开,对经济增长过程中的一系列重大的实际问题进行实践性很强的理论阐述,最后归结为社会个人的全面发展是经济增长的最高目标。 | |
| 510 | 1 | @aCatching-up economic growth theory@ea new thought on organizing economic growth@zeng |
| 517 | 1 | @a一种组织经济增长的新思路@Ayi zhong zu zhi jing ji zeng zhang de xin si lu |
| 606 | 0 | @a增长经济学 |
| 690 | @aF061.2@v4 | |
| 701 | 0 | @a钟阳胜@Azhong yang sheng@f(1948~)@4著 |
| 801 | 0 | @aCN@bNLC@c20070807 |
| 905 | @dF061.2@e88=6@f1 | |
| 追赶型经济增长理论:一种组织经济增长的新思路=Catching-up economic growth theory:a new thought on organizing economic growth/钟阳胜著.-6版.-北京:中共中央党校出版社,2005 |
| 366页;24cm |
| ISBN 7-5035-3351-X:CNY38.00 |
| 本书提出和论述主体需要是经济增长必须遵循的最高原则,从主体需要的内在矛盾逐步展开,对经济增长过程中的一系列重大的实际问题进行实践性很强的理论阐述,最后归结为社会个人的全面发展是经济增长的最高目标。 |
| ● |
| 相关链接 |
|
|
|
|
正题名:追赶型经济增长理论
索取号:F061.2/88=6
 
预约/预借
| 序号 | 登录号 | 条形码 | 馆藏地/架位号 | 状态 | 备注 |
| 1 | 0853771 | 208537715 | 第一样本阅览室/ [索取号:F061.2/88=6] | 在馆 |